[Event "Moscow RUS"]
[Site "?"]
[Date "2005.12.28"]
[Round "9"]
[White "Morozevich Alexander"]
[Black "Dreev Alexey"]
[Result "1-0"]
[WhiteElo "2707"]
[BlackElo "2694"]
[PlyCount "83"]
[EventDate "2005.??.??"]
[Source "www.chesslib.no"]
[SourceDate "2004.05.04"]

1. e4 c6 2. d4 d5 3. e5 Bf5 4. Nf3 e6 5. Be2 Nd7 6. O-O Bg6 7. c3 a6 8. Nbd2 Nh6 9. g3 Be7 10. Nb3 Nf5 11. g4 Nh4 12. Nxh4 Bxh4 13. f4 f5 14. Bd3 Be7 15. Be3 O-O 16. h3 b5 17. Qe2 Qe8 18. Rad1 Rc8 19. Qg2 Rc7 20. Nc1 Nb6 21. Ne2 Bd8 22. Bc1 Nc8 23. b3 Be7 24. Kh1 c5 25. gxf5 exf5 26. c4 dxc4 27. bxc4 cxd4 28. cxb5 Bc5 29. bxa6 Nb6 30. Bc2 Qc8 31. Bb3+ Kh8 32. Bb2 Be8 33. Kh2 Bc6 34. Qg3 Bb5 35. Rfe1 d3 36. Nd4 Bc4 37. e6 Re7 38. Rxd3 Bxd3 39. Qxd3 Qc7 40. Re5 Rd8 41. Qxf5 Bb4 42. Nf3 1-0

[Event "RUS-The World"]
[Site "Moscow"]
[Date "2002.09.11"]
[Round "9"]
[White "Grischuk, Alexander"]
[Black "Shirov, Alexei"]
[Result "0-1"]
[WhiteElo "2702"]
[BlackElo "2697"]
[PlyCount "124"]
[EventDate "2002.09.08"]
[Source "ChessBase"]
[SourceDate "2002.11.12"]

1. e4 c6 2. d4 d5 3. e5 Bf5 4. Nc3 e6 5. g4 Bg6 6. Nge2 c5 7. Be3 Nc6 8. dxc5 Rc8 9. f4 Qh4+ 10. Bf2 Qxg4 11. Qd2 Nb4 12. Rg1 Qf5 13. Rc1 Nxc2+ 14. Kd1 d4 15. Bxd4 Nb4 16. Ng3 Qg4+ 17. Be2 Qh4 18. Nce4 Nc6 19. Nd6+ Bxd6 20. exd6 Nxd4 21. Qxd4 Nf6 22. Bb5+ Kf8 23. d7 Nxd7 24. Bxd7 Rd8 25. Ke1 Qxh2 26. Kf1 h5 27. Rg2 Qh3 28. Kg1 h4 29. Nf1 Rh5 30. Rxg6 fxg6 31. Qd6+ Kf7 32. Re1 Qg4+ 33. Kf2 Rxd7 34. Qxd7+ Kf6 35. Qd8+ Kf7 36. Qd7+ Kf6 37. Ne3 Qxf4+ 38. Ke2 Re5 39. Kd3 Qe4+ 40. Kd2 Qb4+ 41. Kd1 Rxc5 42. Rf1+ Rf5 43. Nxf5 gxf5 44. Qd2 Qxd2+ 45. Kxd2 g5 46. Ke2 g4 47. Rc1 h3 48. Kf2 f4 49. Rc7 g3+ 50. Kf3 h2 51. Rh7 e5 52. Rh6+ Kg5 53. Rh8 e4+ 54. Kg2 Kf5 55. Rf8+ Ke5 56. Rh8 Kd4 57. Rh4 Ke3 58. b4 b5 59. a3 a6 60. Rh8 f3+ 61. Kxg3 f2 62. Kg2 Ke2 0-1

[Event "Cannes NAO Masters"]
[Site "Cannes"]
[Date "2002.02.25"]
[Round "4"]
[White "Gelfand, Boris"]
[Black "Karpov, Anatoly"]
[Result "1/2-1/2"]
[WhiteElo "2703"]
[BlackElo "2693"]
[PlyCount "86"]
[EventDate "2002.02.22"]
[Source "ChessBase"]
[SourceDate "2002.03.21"]

1. e4 c6 2. d4 d5 3. e5 Bf5 4. Nf3 e6 5. Be2 Ne7 6. O-O c5 7. c4 Nbc6 8. dxc5 d4 9. Bd3 Bxd3 10. Qxd3 Ng6 11. Qe4 Bxc5 12. Nbd2 O-O 13. Nb3 Qb6 14. h4 h6 15. h5 Nge7 16. Ne1 Bb4 17. Nd3 Qa6 18. Bd2 Qxc4 19. Rfc1 Qd5 20. Qxd5 Nxd5 21. Rxc6 Bxd2 22. Rc2 Bg5 23. Nxd4 Rac8 24. Rxc8 Rxc8 25. g3 a6 26. Kf1 Rc4 27. Nf3 Kh7 28. Ke2 Re4+ 29. Kf1 b6 30. b3 g6 31. Nxg5+ hxg5 32. hxg6+ Kxg6 33. Rc1 g4 34. Rc8 Kf5 35. Rg8 a5 36. Rg7 Rd4 37. Ke2 f6 38. exf6 Kxf6 39. Rg8 e5 40. Rf8+ Ke7 41. Rf5 Kd6 42. a4 Nc3+ 43. Ke3 Nd5+ 1/2-1/2

[Event "TCh-RUS"]
[Site "Togliatti"]
[Date "2003.05.24"]
[Round "9"]
[White "Grischuk, Alexander"]
[Black "Dreev, Alexey"]
[Result "1-0"]
[WhiteElo "2701"]
[BlackElo "2695"]
[PlyCount "55"]
[EventDate "2003.05.16"]
[Source "Roberto Alvarez"]
[SourceDate "2003.05.26"]

1. e4 c6 2. d4 d5 3. e5 Bf5 4. Nc3 e6 5. g4 Bg6 6. Nge2 c5 7. Be3 Nc6 8. dxc5 Nxe5 9. Nd4 Nd7 10. b4 Be7 11. h4 h6 12. Bg2 Ngf6 13. g5 Nh5 14. Qe2 Ne5 15. gxh6 gxh6 16. Rg1 Nf6 17. Bf4 Nc6 18. Ncb5 Bh5 19. Bf3 Bxf3 20. Qxf3 Nxd4 21. Nxd4 Ne4 22. Qh5 Bxh4 23. O-O-O Bxf2 24. Nxe6 Qf6 25. Nc7+ Kf8 26. Be5 Be3+ 27. Kb2 Qc6 28. Bg7+ 1-0

[Event "World Cup"]
[Site "Khanty-Mansiysk RUS"]
[Date "2007.11.27"]
[Round "2.1"]
[White "Galkin, A."]
[Black "Ivanchuk, V."]
[Result "1/2-1/2"]
[WhiteElo "2608"]
[BlackElo "2787"]
[PlyCount "86"]
[EventDate "2007.11.24"]
[Source "www.chesslib.no"]
[SourceDate "2004.05.04"]

1. e4 c6 2. d4 d5 3. e5 Bf5 4. Nd2 e6 5. Nb3 Nd7 6. Nf3 Ne7 7. Be2 Nc8 8. O-O Be7 9. a4 O-O 10. a5 a6 11. Be3 Na7 12. Ne1 c5 13. Nxc5 Nxc5 14. dxc5 Nc6 15. Nf3 Bg4 16. Nd4 Bxe2 17. Nxc6 Bxd1 18. Nxd8 Be2 19. Rfe1 Rfxd8 20. Rxe2 d4 21. Bd2 Bxc5 22. Kf1 Rac8 23. Re4 Ba7 24. c3 Rd5 25. Ra4 Rb5 26. Ra2 dxc3 27. Bxc3 Bb8 28. Raa4 h5 29. f4 Rcc5 30. Rab4 Bc7 31. Rxb5 Rxb5 32. b4 Rd5 33. Ke2 b5 34. axb6 Bxb6 35. Rc4 a5 36. bxa5 Bxa5 37. Bxa5 Rxa5 38. Kf2 Kh7 39. Rc7 Kg6 40. Kg3 Ra4 41. h4 Ra3+ 42. Kf2 Rb3 43. Ra7 Rc3 1/2-1/2